Frasquita Larrea y Aherán: europeas y españolas entre la Ilustración y el Romanticismo / (Record no. 67454)

MARC details
000 -LEADER
campo de control de longitud fija 01252nam a2200277 i 4500
001 - NÚMERO DE CONTROL
campo de control 67454
003 - IDENTIFICADOR DE NÚMERO DE CONTROL
campo de control ES-MaACL
005 - FECHA Y HORA DE LA ÚLTIMA TRANSACCIÓN
campo de control 20230906170056.0
007 - CAMPO FIJO DE DESCRIPCIÓN FÍSICA--INFORMACIÓN GENERAL
campo de control de longitud fija t|
008 - DATOS DE LONGITUD FIJA--INFORMACIÓN GENERAL
campo de control de longitud fija 040526s2003 sp ||||0| spa d
020 ## - NÚMERO INTERNACIONAL ESTÁNDAR DEL LIBRO
Número Internacional Estándar del Libro 84-7786-852-2
040 ## - FUENTE DE CATALOGACIÓN
Centro catalogador/agencia de origen M-BN
Lengua de catalogación spa
Centro/agencia transcriptor M-BN
080 ## - NÚMERO DE LA CLASIFICACIÓN DECIMAL UNIVERSAL
Número de la Clasificación Decimal Universal 929 Larrea, Francisca de (063)
080 ## - NÚMERO DE LA CLASIFICACIÓN DECIMAL UNIVERSAL
Número de la Clasificación Decimal Universal 821.134.2 Larrea, Francisca de 1.07(063)
080 ## - NÚMERO DE LA CLASIFICACIÓN DECIMAL UNIVERSAL
Número de la Clasificación Decimal Universal 821.134.2.09"18"(063)
245 00 - MENCIÓN DEL TÍTULO
Título Frasquita Larrea y Aherán: europeas y españolas entre la Ilustración y el Romanticismo /
Mención de responsabilidad, etc. Gloria Espigado Tocino y María José de la Pascua Sánchez (eds.).
260 ## - PUBLICACIÓN, DISTRIBUCIÓN, ETC.
Lugar de publicación, distribución, etc. [Cádiz] :
Nombre del editor, distribuidor, etc. Servicio de Publicaciones de la Universidad de Cádiz ;
Lugar de publicación, distribución, etc. [El Puerto de Santa María] :
Nombre del editor, distribuidor, etc. Ayuntamiento de El Puerto de Santa María,
Fecha de publicación, distribución, etc. 2003.
300 ## - DESCRIPCIÓN FÍSICA
Extensión 412 p. :
Otras características físicas il. ;
Dimensiones 24 cm.
500 ## - NOTA GENERAL
Nota general Recoge las ponencias del congreso celebrado los días, 23, 24 y 25 de noviembre de 2000.
504 ## - NOTA DE BIBLIOGRAFÍA, ETC.
Nota de bibliografía, etc. Incluye referencias bibliográficas.
600 14 - PUNTO DE ACCESO ADICIONAL DE MATERIA--NOMBRE DE PERSONA
Nombre de persona Larrea, Francisca de-
Subdivisión de forma Congresos y asambleas.
9 (RLIN) 70332
650 14 - PUNTO DE ACCESO ADICIONAL DE MATERIA--TÉRMINO DE MATERIA
Término de materia o nombre geográfico como elemento de entrada Literatura española-
Subdivisión general Autoras-
Subdivisión cronológica S.XIX-
Subdivisión de forma Congresos y asambleas.
9 (RLIN) 14544
700 1# - ENTRADA AGREGADA--NOMBRE PERSONAL
Nombre de persona Espigado Tocino, Gloria.
9 (RLIN) 47822
700 1# - ENTRADA AGREGADA--NOMBRE PERSONAL
Nombre de persona Pascua Sánchez, María José de la.
9 (RLIN) 89337
852 ## - LOCALIZACIÓN
Ubicación ES-MaACL
Número de control de estantería L-27641
Sublocalización o colección R.133340
Holdings
Estatus retirado Estado de pérdida Estado de daño No para préstamo Biblioteca de origen Biblioteca actual Ubicación en estantería Fecha de adquisición Fuente de adquisición Total de préstamos Signatura topográfica completa Código de barras Visto por última vez Precio de reemplazo Tipo de ítem Koha
        Biblioteca del Ateneo de Madrid Biblioteca del Ateneo de Madrid Depósito 2 17/01/2008     L-27641 1070635 23/02/2023 23/02/2023 Libro impreso